350 Biggest U.S. Cities - Statistics

General Stats
  • This quiz has been taken 157 times
    48 since last reset
  • The average score is 181 of 350
Answers on the Map
Answers color-coded by a green-red scale on the quiz's map according to % correct below.
 
Answer Stats
City State Population % Correct
Atlanta Georgia 518,107
80%
Baltimore Maryland 553,293
80%
Boston Massachusetts 639,411
80%
Detroit Michigan 629,830
80%
Honolulu Hawaii 337,338
80%
Indianapolis Indiana 874,037
80%
Lincoln Nebraska 296,839
80%
Madison Wisconsin 283,705
80%
Minneapolis Minnesota 421,385
80%
New York City New York 7,936,530
80%
Philadelphia Pennsylvania 1,517,114
80%
Seattle Washington 764,753
80%
St. Louis Missouri 269,259
80%
Washington District of Columbia 684,394
80%
Albany New York 102,925
73%
Anchorage Alaska 282,863
73%
Buffalo New York 272,762
73%
Chicago Illinois 2,611,867
73%
Cincinnati Ohio 312,094
73%
Columbus Ohio 917,679
73%
Columbus Georgia 198,457
73%
Dayton Ohio 134,189
73%
Denver Colorado 715,891
73%
Houston Texas 2,324,082
73%
Jackson Mississippi 137,517
73%
Jacksonville Florida 1,008,485
73%
Kansas City Missouri 512,360
73%
Kansas City Kansas 150,689
73%
Las Vegas Nevada 670,352
73%
Lexington Kentucky 318,505
73%
Los Angeles California 3,770,958
73%
Miami Florida 464,655
73%
Milwaukee Wisconsin 550,837
73%
New Orleans Louisiana 351,399
73%
Oklahoma City Oklahoma 715,893
73%
Omaha Nebraska 477,053
73%
Pittsburgh Pennsylvania 303,572
73%
Portland Oregon 615,267
73%
Providence Rhode Island 190,823
73%
Raleigh North Carolina 493,589
73%
Reno Nevada 281,537
73%
Richmond Virginia 230,787
73%
Richmond California 112,712
73%
Salem Oregon 178,425
73%
San Diego California 1,389,672
73%
San Francisco California 767,968
73%
San Jose California 943,212
73%
St. Paul Minnesota 298,940
73%
St. Petersburg Florida 266,411
73%
Wichita Kansas 394,849
73%
Winston-Salem North Carolina 255,089
73%
Albuquerque New Mexico 557,198
67%
Allen Texas 115,668
67%
Aurora Colorado 400,571
67%
Aurora Illinois 175,795
67%
Austin Texas 989,252
67%
Charleston South Carolina 158,367
67%
Charlotte North Carolina 935,017
67%
Cleveland Ohio 356,556
67%
Columbia South Carolina 146,563
67%
Columbia Missouri 131,345
67%
Columbia Maryland 108,346
67%
Dallas Texas 1,302,638
67%
Des Moines Iowa 208,084
67%
Durham North Carolina 304,014
67%
El Paso Texas 678,760
67%
Fort Wayne Indiana 273,736
67%
Greensboro North Carolina 306,263
67%
Hartford Connecticut 119,583
67%
Jersey City New Jersey 291,462
67%
Louisville Kentucky 617,027
67%
Manchester New Hampshire 115,451
67%
Memphis Tennessee 607,581
67%
Norfolk Virginia 226,357
67%
Orlando Florida 329,347
67%
Phoenix Arizona 1,675,144
67%
Rochester New York 204,882
67%
Rochester Minnesota 122,971
67%
Salt Lake City Utah 215,548
67%
San Antonio Texas 1,532,653
67%
Spokane Washington 229,608
67%
Spokane Valley Washington 111,371
67%
Springfield Missouri 170,862
67%
Springfield Massachusetts 152,600
67%
Springfield Illinois 111,374
67%
Stamford Connecticut 136,735
67%
Syracuse New York 144,782
67%
Tallahassee Florida 205,079
67%
Tampa Florida 413,657
67%
Vancouver Washington 199,884
67%
Virginia Beach Virginia 449,625
67%
Yonkers New York 205,432
67%
Akron Ohio 187,737
60%
Alexandria Virginia 152,624
60%
Allentown Pennsylvania 124,315
60%
Amarillo Texas 203,662
60%
Arlington Texas 401,219
60%
Arlington Virginia 242,900
60%
Augusta Georgia 200,140
60%
Bakersfield California 418,781
60%
Baton Rouge Louisiana 215,112
60%
Beaumont Texas 110,417
60%
Bellevue Washington 151,436
60%
Billings Montana 123,290
60%
Birmingham Alabama 194,156
60%
Boise Idaho 235,012
60%
Bridgeport Connecticut 148,235
60%
Brownsville Texas 192,260
60%
Cambridge Massachusetts 118,211
60%
Colorado Springs Colorado 494,219
60%
Corpus Christi Texas 315,615
60%
Evansville Indiana 113,971
60%
Everett Washington 111,371
60%
Fargo North Dakota 137,989
60%
Fort Collins Colorado 170,638
60%
Fort Lauderdale Florida 185,163
60%
Fresno California 547,720
60%
Grand Rapids Michigan 195,208
60%
Green Bay Wisconsin 104,726
60%
Kent Washington 131,235
60%
Lansing Michigan 111,814
60%
Little Rock Arkansas 204,647
60%
Lubbock Texas 272,788
60%
McAllen Texas 149,385
60%
Mesa Arizona 515,486
60%
Montgomery Alabama 192,117
60%
Nashville Tennessee 686,513
60%
Newark New Jersey 301,170
60%
New Haven Connecticut 139,027
60%
North Las Vegas Nevada 300,475
60%
Oakland California 433,544
60%
Plano Texas 292,711
60%
Riverside California 321,385
60%
Sacramento California 526,954
60%
Sioux Falls South Dakota 215,058
60%
Tacoma Washington 225,030
60%
Toledo Ohio 261,989
60%
Topeka Kansas 124,833
60%
Tucson Arizona 550,306
60%
Tulsa Oklahoma 410,722
60%
Tyler Texas 113,030
60%
Worcester Massachusetts 209,331
60%
Abilene Texas 131,460
53%
Anaheim California 336,414
53%
Ann Arbor Michigan 116,561
53%
Athens Georgia 129,550
53%
Boulder Colorado 104,414
53%
Broken Arrow Oklahoma 122,704
53%
Cary North Carolina 183,498
53%
Chandler Arizona 282,048
53%
Chula Vista California 273,349
53%
Clearwater Florida 116,528
53%
Concord California 120,334
53%
Concord North Carolina 113,608
53%
Elizabeth New Jersey 135,263
53%
Eugene Oregon 178,213
53%
Fayetteville North Carolina 210,135
53%
Fayetteville Arkansas 106,278
53%
Fort Worth Texas 1,015,045
53%
Gainesville Florida 148,190
53%
Gilbert Arizona 279,569
53%
Glendale Arizona 257,125
53%
Glendale California 181,127
53%
Henderson Nevada 349,460
53%
Hialeah Florida 220,561
53%
Hollywood Florida 154,563
53%
Huntington Beach California 187,945
53%
Independence Missouri 119,604
53%
Irvine California 318,761
53%
Irving Texas 252,750
53%
Joliet Illinois 150,647
53%
Killeen Texas 163,581
53%
Knoxville Tennessee 202,639
53%
Laredo Texas 259,010
53%
Las Cruces New Mexico 117,021
53%
Lowell Massachusetts 113,518
53%
Midland Texas 142,068
53%
Mobile Alabama 179,911
53%
Naperville Illinois 150,795
53%
North Charleston South Carolina 125,414
53%
Odessa Texas 116,287
53%
Overland Park Kansas 196,659
53%
Pasadena Texas 143,614
53%
Pasadena California 130,292
53%
Paterson New Jersey 154,538
53%
Peoria Arizona 203,252
53%
Peoria Illinois 108,870
53%
Round Rock Texas 136,977
53%
San Bernardino California 224,820
53%
Santa Ana California 310,069
53%
Savannah Georgia 147,942
53%
Shreveport Louisiana 172,033
53%
South Bend Indiana 103,435
53%
Sparks Nevada 111,279
53%
Stockton California 318,587
53%
Waco Texas 147,666
53%
Wichita Falls Texas 102,831
53%
Wilmington North Carolina 127,316
53%
Yuma Arizona 103,070
53%
Bend Oregon 107,812
47%
Buckeye Arizona 119,007
47%
Cape Coral Florida 243,810
47%
Carmel Indiana 103,890
47%
Chattanooga Tennessee 190,671
47%
Chesapeake Virginia 256,622
47%
College Station Texas 128,139
47%
Dearborn Michigan 103,271
47%
Denton Texas 169,843
47%
Edinburg Texas 109,191
47%
Fremont California 223,393
47%
Frisco Texas 239,842
47%
Fullerton California 136,572
47%
Garland Texas 241,576
47%
Grand Prairie Texas 206,053
47%
Greeley Colorado 114,833
47%
Gresham Oregon 108,161
47%
Hampton Virginia 136,976
47%
Hillsboro Oregon 108,223
47%
Huntsville Alabama 231,668
47%
Lafayette Louisiana 121,475
47%
Lakewood Colorado 155,770
47%
Long Beach California 438,723
47%
Macon Georgia 156,163
47%
McKinney Texas 224,183
47%
Nampa Idaho 122,906
47%
Newport News Virginia 181,165
47%
Norman Oklahoma 131,302
47%
Oceanside California 167,390
47%
Orange California 137,594
47%
Palm Bay Florida 145,834
47%
Port St. Lucie Florida 270,491
47%
Provo Utah 112,169
47%
Renton Washington 103,005
47%
Rockford Illinois 144,420
47%
Santa Clarita California 218,442
47%
Santa Maria California 110,123
47%
Santa Rosa California 174,435
47%
Scottsdale Arizona 246,068
47%
St. George Utah 110,270
47%
Torrance California 134,412
47%
Tuscaloosa Alabama 116,085
47%
Visalia California 147,149
47%
Warren Michigan 135,010
47%
Waterbury Connecticut 115,730
47%
West Jordan Utah 113,492
47%
Westminster Colorado 113,729
47%
West Palm Beach Florida 128,545
47%
Berkeley California 115,466
40%
Carrollton Texas 132,495
40%
Cedar Rapids Iowa 134,758
40%
Centennial Colorado 106,007
40%
Corona California 162,084
40%
Davie Florida 108,978
40%
Edmond Oklahoma 100,339
40%
Elgin Illinois 112,438
40%
Elk Grove California 179,694
40%
Fontana California 219,657
40%
Garden Grove California 165,814
40%
Goodyear Arizona 121,116
40%
High Point North Carolina 118,312
40%
Lakeland Florida 127,848
40%
Meridian Idaho 145,039
40%
Modesto California 219,064
40%
Moreno Valley California 214,741
40%
New Bedford Massachusetts 100,496
40%
New Braunfels Texas 123,834
40%
Olathe Kansas 151,377
40%
Oxnard California 196,206
40%
Paradise Nevada 181,375
40%
Pembroke Pines Florida 171,149
40%
Pueblo Colorado 110,529
40%
Quincy Massachusetts 101,673
40%
Rialto California 102,933
40%
Rio Rancho New Mexico 114,811
40%
Roseville California 166,214
40%
Santa Clara California 132,711
40%
Sterling Heights Michigan 132,804
40%
Sugar Land Texas 106,975
40%
Thousand Oaks California 121,222
40%
Vacaville California 102,815
40%
Victorville California 141,689
40%
West Valley City Utah 130,801
40%
Arvada Colorado 119,461
33%
Boca Raton Florida 101,126
33%
Carlsbad California 112,542
33%
Clarksville Tennessee 189,520
33%
Conroe Texas 119,576
33%
Coral Springs Florida 135,398
33%
Deltona Florida 101,869
33%
El Cajon California 100,935
33%
Escondido California 146,194
33%
Fairfield California 121,391
33%
Fort Myers Florida 104,100
33%
Lancaster California 161,664
33%
League City Texas 117,428
33%
Lee's Summit Missouri 105,892
33%
Lynn Massachusetts 101,333
33%
Mesquite Texas 145,777
33%
Miami Gardens Florida 110,210
33%
Murfreesboro Tennessee 173,212
33%
Murrieta California 112,366
33%
Ontario California 186,953
33%
Palmdale California 156,410
33%
Pomona California 141,847
33%
Rancho Cucamonga California 174,219
33%
Salinas California 156,916
33%
Simi Valley California 124,293
33%
Suffolk Virginia 104,598
33%
Surprise Arizona 167,537
33%
Temecula California 111,074
33%
Tempe Arizona 192,838
33%
Thornton Colorado 146,746
33%
Ventura California 108,016
33%
West Covina California 103,259
33%
Antioch California 118,240
27%
Chico California 100,331
27%
Clovis California 129,196
27%
Costa Mesa California 106,069
27%
El Monte California 100,265
27%
Enterprise Nevada 254,706
27%
Fishers Indiana 107,169
27%
Hayward California 151,014
27%
Jurupa Valley California 108,631
27%
Miramar Florida 140,854
27%
Palm Coast Florida 110,362
27%
Pearland Texas 128,896
27%
Pompano Beach Florida 114,727
27%
Richardson Texas 116,192
27%
Sandy Springs Georgia 104,210
27%
Sunnyvale California 149,778
27%
The Woodlands Texas 124,541
27%
Tracy California 100,936
27%
Vallejo California 120,749
27%
Brockton Massachusetts 104,476
20%
Downey California 105,384
20%
Georgetown Texas 114,687
20%
Hesperia California 101,065
20%
Lewisville Texas 138,307
20%
Menifee California 120,236
20%
Metairie Louisiana 140,437
20%
South Fulton Georgia 112,726
20%
Sunrise Manor Nevada 200,563
20%
Brandon Florida 117,783
13%
East Los Angeles California 114,904
13%
Highlands Ranch Colorado 102,714
7%
Lehigh Acres Florida 133,854
7%
San Tan Valley Arizona 106,179
7%
Spring Hill Florida 121,447
7%
Spring Valley Nevada 230,544
7%
Riverview Florida 110,321
0%
No matching quizzes found
Score Distribution
Percent of People with Each Score
Percentile by Number Answered
Your Score History
You have not taken this quiz since the last reset